00337nam a22001097a 4500008004100000020001500041082001700056100002600073245005500099260005900154300001400213230602b xxu||||| |||| 00| 0 eng d a9966467637 a323.044bMAL cWunyarabari O. Maloba aMau Mau And KenyabAn Analysis of a Peasant Revolt aNairobibEast African Educational Publishers Ltdc1993 a228 pages